000 00395nam a22001097a 4500
082 _a900
100 _aनिर्मलेन्‍दु,कुमार
_981869
245 _aकश्‍मीर : इतिहास और परम्‍परा
260 _aप्रयागराज
_bलोकभारती प्रकाशन
_c2022
650 _aइतिहास
942 _cHIN
999 _c66054
_d66054